=LDR 00000nam 2200000 4500 =001 INLIS000000000035199 =005 20130612141057 =008 ***********************************ind** =035 ##$$a0010-061300000035199 =041 ##$$a ind =082 ##$$a 813 =090 ##$$a 813, Deh i =100 ##$$a Dehlvi, Maulana Muhammad Saeed =245 ##$$a Isabella/ Maulana Muhammad Saeed Dehlvi; Penerjemah, Margono; Editor, Endhiq Anang Pamungkas =260 ##$$a 2009 $b Yogyakarta =300 ##$$a xx,356 hlm., 18 cm =650 ##$$a Fiksi Agama =700 ##$$a Margono =850 ##$$a NBPNMAT =990 ##$$a 92706/BPAP-NTB/2014